000 00891nam a22002057a 4500
999 _c17164
_d17164
003 AR-CdUCM
008 190507b ||||| |||| 00| 0 spa d
040 _aMUNICIPALIDAD PROVINCIAL DEL CUSCO
_cBIBLIOTECA MUNICIPAL DEL CUSCO
082 _a375.609 /
_bA67
100 _aArciniegas, Germán
_910801
245 _aEl estudiante de la mesa redonda /
260 _aBuenos Aires :
_bLosada,
_c1952.
300 _a191 páginas ;
_c17 cm.
505 _aContenido: Los frailes -- Los mareantes -- América -- Los aventureros -- Clave de Salamanca -- Los conquistadores -- Los seminaristas -- Los inquisidores -- Los sabios -- Los obreros -- Cuentos del alba -- La revolución -- Los remánticos -- El mirador de la vida -- Los políticos -- La loma.
650 _aEstudiantes
_91674
650 _aAmérica
_91348
650 _aHistoria
_9136
942 _2ddc
_cLIBROS
945 _adavv
_d07/05/2019